Diseño de un sistema de recolección de polvos para una industria mueblera /

Guardado en:
Detalles Bibliográficos
Autor principal: Aguilar Iniestra, Juan Pablo (autor)
Otros autores: Pérez Bouquet Jiménez, Jorge (autor) (autor)
Formato: Tesis Libro
Idioma:Español
Temas:
Etiquetas: Agrega una etiqueta
Sin etiquetas, Sé el primero en etiquetar este registro!

MARC

LEADER 00000nam^a2200000^a^4500
001 000158244
005 20250521000000.0
009 20260310100606.78
037 |a Acervo ITESO - Biblioteca 
041 |a ESP 
090 |a IMC. 12 
100 |a Aguilar Iniestra, Juan Pablo  |e (autor) 
245 1 0 |a Diseño de un sistema de recolección de polvos para una industria mueblera /  |c J.P. Aguilar Iniestra, J. Pérez Bouquet Jiménez. 
264 |a Guadalajara, México :  |b edición de autor,  |c 2003 
300 |a 1 disco compacto de computadora 
336 |a datos para computadora  |b cod  |2 rdacontenido 
337 |a computadora  |b c  |2 rdamedio 
338 |a disco de computadora  |b cd  |2 rdasoporte 
502 |a ITESO Tesis de Licenciatura en Ingeniería Mecánica 
649 |a XX 
650 |a Industria Mueblera 
650 |a Polvo -  |x Eliminación 
650 |a Sistemas de Ventilación Adecuados (Seguridad Industrial) 
650 |a Sistemas de Extracción de Aire 
650 |a Protección Respiratoria (Seguridad Industrial) 
650 |a Protección (Seguridad Industrial) 
650 |a Seguridad Industrial 
650 |a Ingeniería Industrial 
650 |a Ingeniería Mecánica 
700 |a Pérez Bouquet Jiménez, Jorge  |e (autor) 
910 |a Fondo General 
920 |a Electrónicos - Tesis del ITESO en Disco 
905 |a 202 
901 |a 0500089527  |b IT2  |c STS  |u 20250521 
902 |a https://opac.biblio.iteso.mx/vufind/Record/000158244